[Event "Chigorin Memorial 31st"]
[Site "St Petersburg"]
[Date "2024.10.30"]
[Round "5"]
[White "Kuus, Erik"]
[Black "Berezin, Vasily R"]
[Result "1-0"]
[WhiteElo "1853"]
[BlackElo "1595"]
[PlyCount "113"]
[EventDate "2024.10.26"]
[EventType "swiss"]
[EventRounds "9"]
[EventCountry "RUS"]
[SourceTitle "CB45_2024"]
[Source "ChessBase"]
[SourceDate "2024.11.06"]
[SourceVersion "1"]
[SourceVersionDate "2024.11.06"]
[SourceQuality "1"]

1. d4 d5 2. c4 c6 3. Nc3 Nf6 4. e3 Bf5 5. cxd5 cxd5 6. Qb3 Nc6 7. Qxb7 Bd7 8. Qb3 Rb8 9. Qd1 e5 10. dxe5 Nxe5 11. Nge2 Nc4 12. b3 Nb6 13. a3 Bd6 14. Nd4 0-0 15. h3 Ne4 16. Bb2 Qe7 17. Bb5 Qh4 18. Nxe4 Qxe4 19. Qf3 Qxf3 20. gxf3 Be5 21. Bxd7 Nxd7 22. Rb1 Nc5 23. b4 Nd3+ 24. Kd2 Nxb2 25. Rxb2 Bxd4 26. exd4 Rb6 27. Rb3 Rfb8 28. Rc1 Rh6 29. Rbc3 g5 30. Rg1 f6 31. f4 Rh4 32. fxg5 Rxd4+ 33. Rd3 Rxd3+ 34. Kxd3 Kf7 35. gxf6 Kxf6 36. Kd4 Rc8 37. Kxd5 Rc2 38. Rg3 Rxf2 39. Kc6 Re2 40. Rf3+ Kg6 41. Kb7 Re7+ 42. Ka6 h5 43. b5 Kg7 44. a4 Kg6 45. a5 Kg5 46. b6 axb6 47. axb6 Re1 48. Ra3 Kh4 49. b7 Re8 50. Ka7 Re7 51. Ka8 Re8+ 52. b8Q Re5 53. Ra4+ Kxh3 54. Qxe5 h4 55. Qe3+ Kg2 56. Ra2+ Kf1 57. Qc1# 1-0

[Event "Chigorin Memorial 31st"]
[Site "St Petersburg"]
[Date "2024.10.26"]
[Round "1"]
[White "Kuus, Erik"]
[Black "Putrenko, Kirill"]
[Result "0-1"]
[WhiteElo "1853"]
[BlackElo "2317"]
[PlyCount "38"]
[EventDate "2024.10.26"]
[EventType "swiss"]
[EventRounds "9"]
[EventCountry "RUS"]
[SourceTitle "CB45_2024"]
[Source "ChessBase"]
[SourceDate "2024.11.06"]
[SourceVersion "1"]
[SourceVersionDate "2024.11.06"]
[SourceQuality "1"]

1. c4 e6 2. Nc3 b6 3. d4 Bb4 4. e4 Bb7 5. f3 f5 6. exf5 Nh6 7. fxe6 Nf5 8. exd7+ Nxd7 9. Qe2+ Kf7 10. Qf2 Re8+ 11. Be2 Qf6 12. Bd2 Nxd4 13. 0-0-0 Nc5 14. Bf1 Rad8 15. Nh3 Qf5 16. Ne4 Bxd2+ 17. Rxd2 Ndb3+ 18. axb3 Nxb3+ 19. Kb1 Nxd2+ 0-1

[Event "Chigorin Memorial Blitz 31st"]
[Site "St Petersburg"]
[Date "2024.10.25"]
[Round "5"]
[White "Kuus, Erik"]
[Black "Orlov, Andrey"]
[Result "0-1"]
[WhiteElo "1853"]
[BlackElo "2486"]
[PlyCount "86"]
[EventDate "2024.10.25"]
[EventType "swiss (blitz)"]
[EventRounds "11"]
[EventCountry "RUS"]
[SourceTitle "CB44_2024"]
[Source "Chessbase"]
[SourceDate "2024.10.30"]
[SourceVersion "1"]
[SourceVersionDate "2024.10.30"]
[SourceQuality "1"]

1. d4 d6 2. c4 e5 3. d5 f5 4. Nc3 Nf6 5. g3 g6 6. Bg2 Bg7 7. f3 a5 8. e4 Na6 9. Nge2 0-0 10. 0-0 Nc5 11. Be3 b6 12. Qd2 Bd7 13. b3 Qe7 14. Rab1 Nh5 15. a3 a4 16. b4 Nb3 17. Qd3 f4 18. Bf2 fxg3 19. hxg3 Bh6 20. Rbd1 Rf7 21. Nb5 Bxb5 22. cxb5 Raf8 23. Be1 Qf6 24. Bh3 Ng7 25. Bg2 Qe7 26. Bf2 Bg5 27. Nc3 h5 28. Nxa4 Nd4 29. f4 Bh6 30. fxe5 Nf3+ 31. Bxf3 Rxf3 32. Qe2 Qxe5 33. Kg2 Rxa3 34. Nb2 Ra2 35. Bd4 Qe7 36. Rxf8+ Qxf8 37. Rf1 Qe7 38. Rf2 h4 39. Bf6 Qd7 40. gxh4 Nh5 41. Bd4 Nf4+ 42. Rxf4 Bxf4 43. Qf3 Be5 0-1